Hannah Arendt / (Record no. 10800)

MARC details
000 -LEADER
campo de control de longitud fija 00929nam a22003015i 4500
001 - NÚMERO DE CONTROL
campo de control 10800
003 - IDENTIFICADOR DE NÚMERO DE CONTROL
campo de control ES-MaACL
005 - FECHA Y HORA DE LA ÚLTIMA TRANSACCIÓN
campo de control 20260113170329.0
007 - CAMPO FIJO DE DESCRIPCIÓN FÍSICA--INFORMACIÓN GENERAL
campo de control de longitud fija t|
008 - DATOS DE LONGITUD FIJA--INFORMACIÓN GENERAL
campo de control de longitud fija 940104s1993 sp ||||0| spa j
020 ## - NÚMERO INTERNACIONAL ESTÁNDAR DEL LIBRO
Número Internacional Estándar del Libro 84-7822-081-X
040 ## - FUENTE DE CATALOGACIÓN
Centro catalogador/agencia de origen M-BN
Lengua de catalogación spa
Centro/agencia transcriptor M-BN
080 ## - NÚMERO DE LA CLASIFICACIÓN DECIMAL UNIVERSAL
Número de la Clasificación Decimal Universal 929 Arendt, Hannah
080 ## - NÚMERO DE LA CLASIFICACIÓN DECIMAL UNIVERSAL
Número de la Clasificación Decimal Universal 32 Arendt, Hannah
100 1# - ENTRADA PRINCIPAL--NOMBRE DE PERSONA
Nombre de persona Young-Bruehl, Elisabeth.
9 (RLIN) 117705
245 10 - MENCIÓN DEL TÍTULO
Título Hannah Arendt /
Mención de responsabilidad, etc. Elisabeth Young-Bruehl.
260 ## - PUBLICACIÓN, DISTRIBUCIÓN, ETC.
Lugar de publicación, distribución, etc. Valencia :
Nombre del editor, distribuidor, etc. Edicions Alfons el Magnáanim,
Fecha de publicación, distribución, etc. 1993.
300 ## - DESCRIPCIÓN FÍSICA
Extensión 651 p ;
Dimensiones 22 cm.
490 1# - MENCIÓN DE SERIE
Mención de serie Colección Debates/biografía ;
Designación de volumen o secuencia 14
500 ## - NOTA GENERAL
Nota general Antología de textos: p. [603]-625.
500 ## - NOTA GENERAL
Nota general Indice.
504 ## - NOTA DE BIBLIOGRAFÍA, ETC.
Nota de bibliografía, etc. Bibliografía: p. [627]-640.
600 14 - PUNTO DE ACCESO ADICIONAL DE MATERIA--NOMBRE DE PERSONA
Nombre de persona Arendt, Hannah,
Fechas asociadas al nombre 1906-1975
9 (RLIN) 242687
830 0# - PUNTO DE ACCESO ADICIONAL DE SERIE-TÍTULO UNIFORME
Título uniforme Colección Debates/biografía ;
Designación de volumen o secuencia 14
9 (RLIN) 178837
852 ## - LOCALIZACIÓN
Ubicación ES-MaACL
Número de control de estantería L-18160
Sublocalización o colección R.124411
Holdings
Estatus retirado Estado de pérdida Estado de daño No para préstamo Biblioteca de origen Biblioteca actual Ubicación en estantería Fecha de adquisición Fuente de adquisición Total de préstamos Signatura topográfica completa Código de barras Visto por última vez Precio de reemplazo Tipo de ítem Koha
        Biblioteca del Ateneo de Madrid Biblioteca del Ateneo de Madrid Depósito 2 17/01/2008     L-18160 1011018 23/02/2023 23/02/2023 Libro impreso